000
00282nam a2200109Ia 4500
005
20251222114410.0
008
251222s1900||||xx |||||||||||||| ||spa||
082
_a
DVD0092/J92/1996
245
0
_a
Rosa: El perfume del bien
264
_b
Jurado, Jesús. Rimarachin, Miguel.
942
_c
DVD
999
_c
2002
_d
2002